[Event "Catalunya-chT Gp2 Final"]
[Site "Barcelona"]
[Date "2023.03.18"]
[Round "2.6"]
[White "Sierra Montoya, Miquel"]
[Black "Escandell, Juan C"]
[Result "1/2-1/2"]
[WhiteElo "2136"]
[BlackElo "2195"]
[PlyCount "56"]
[EventDate "2023.03.11"]
[EventType "team-k.o."]
[EventRounds "4"]
[EventCountry "ESP"]
[SourceTitle "EXT 2024"]
[Source "ChessBase"]
[SourceDate "2023.10.10"]
[SourceVersion "1"]
[SourceVersionDate "2023.10.10"]
[SourceQuality "1"]
[WhiteTeam "Sant Cugat"]
[BlackTeam "Cerdanyola Valles"]
[WhiteTeamCountry "ESP"]
[BlackTeamCountry "ESP"]

1. e4 e5 2. Nf3 Nc6 3. d4 exd4 4. Nxd4 Bc5 5. Nb3 Bb6 6. Nc3 Nf6 7. Qe2 d6 8. Be3 Qe7 9. 0-0-0 Be6 10. g3 0-0 11. Bg2 Ng4 12. Bxb6 axb6 13. h3 Nf6 14. Kb1 Nd7 15. f4 Nc5 16. Rhe1 Rfe8 17. Qf1 Na4 18. Re3 h6 19. f5 Bxb3 20. cxb3 Nxc3+ 21. Rxc3 Ne5 22. Qf2 Ra5 23. b4 Ra4 24. Qc2 Rea8 25. Rxc7 Rxa2 26. Rc8+ Kh7 27. Rxa8 Rxa8 28. Bf1 Qd7 1/2-1/2

[Event "Catalunya-chT Gp2"]
[Site "Barcelona"]
[Date "2022.02.19"]
[Round "5.7"]
[White "Escandell, Juan C"]
[Black "Obon Temprano, Sergi"]
[Result "1-0"]
[WhiteElo "2159"]
[BlackElo "2252"]
[PlyCount "125"]
[EventDate "2022.01.22"]
[EventType "team-tourn"]
[EventRounds "9"]
[EventCountry "ESP"]
[SourceTitle "CBM 208 Extra"]
[Source "ChessBase"]
[SourceDate "2022.07.31"]
[SourceVersion "1"]
[SourceVersionDate "2022.07.31"]
[SourceQuality "1"]
[WhiteTeam "Cerdanyola Valles"]
[BlackTeam "Barbera"]
[WhiteTeamCountry "ESP"]
[BlackTeamCountry "ESP"]

1. e4 e5 2. Nf3 Nc6 3. Bb5 a6 4. Ba4 Nf6 5. d3 d6 6. c3 g6 7. 0-0 Bg7 8. Re1 0-0 9. Nbd2 h6 10. h3 b5 11. Bc2 d5 12. a4 Bb7 13. b4 d4 14. cxd4 Nxd4 15. Nxd4 Qxd4 16. Nb3 Qd6 17. Be3 bxa4 18. Na5 Rfb8 19. Bc5 Qe6 20. Bxa4 Nd7 21. Be3 Bf8 22. Qd2 c5 23. Bb3 Qf6 24. Nxb7 Rxb7 25. Bd5 Rab8 26. Bxb7 Rxb7 27. bxc5 Nxc5 28. Qc2 Rb5 29. Qc4 Qd6 30. d4 exd4 31. Bxd4 Nb3 32. Ra4 Nxd4 33. Qxd4 a5 34. Qxd6 Bxd6 35. Rd1 Bb4 36. Rd7 Kg7 37. Ra2 Re5 38. f3 Rc5 39. Kf2 Kf6 40. Ke2 Rc1 41. Rd1 Rc7 42. Rd5 Ra7 43. Kd3 Rc7 44. Rc2 Ra7 45. Rc6+ Kg7 46. Kc4 Be7 47. Kb5 Bb4 48. Rd4 g5 49. Kb6 Re7 50. Rd5 Re8 51. Rf5 Rb8+ 52. Ka7 Rd8 53. Rc7 Rf8 54. Kb7 Bd2 55. Kc6 Kg6 56. g4 Bb4 57. Kb5 Rb8+ 58. Ka4 Rf8 59. e5 h5 60. Rf6+ Kg7 61. gxh5 Kg8 62. h6 Bd2 63. h7+ 1-0

[Event "Catalunya-chT Gp1"]
[Site "Barcelona"]
[Date "2020.02.08"]
[Round "4.5"]
[White "Brusi Noguera, Ricardo Ll"]
[Black "Escandell, Juan C"]
[Result "1-0"]
[WhiteElo "2124"]
[BlackElo "2176"]
[PlyCount "89"]
[EventDate "2020.01.18"]
[EventType "team-tourn"]
[EventRounds "7"]
[EventCountry "ESP"]
[SourceTitle "CBM 194 Extra"]
[Source "ChessBase"]
[SourceDate "2020.03.31"]
[SourceVersion "1"]
[SourceVersionDate "2020.03.31"]
[SourceQuality "1"]
[WhiteTeam "Sant Cugat"]
[BlackTeam "Cerdanyola Valles"]
[WhiteTeamCountry "ESP"]
[BlackTeamCountry "ESP"]

1. d4 Nf6 2. Nf3 e6 3. e3 b6 4. Bd3 Bb7 5. Nbd2 c5 6. 0-0 Be7 7. b3 0-0 8. Bb2 Nc6 9. a3 d5 10. Ne5 Nxe5 11. dxe5 Nd7 12. f4 Qe8 13. Rf3 f6 14. Rh3 g6 15. Nf3 f5 16. a4 Nb8 17. c4 Qd7 18. Qe2 Rd8 19. Bc3 dxc4 20. Bxc4 Bd5 21. Nd2 Nc6 22. Rc1 Nb4 23. Bxb4 cxb4 24. Bxd5 Qxd5 25. Rc2 Bc5 26. Kf1 Qd3 27. Qxd3 Rxd3 28. e4 Rad8 29. Rxd3 Rxd3 30. exf5 gxf5 31. g3 Rc3 32. Rb2 Bd4 33. Rb1 Kf7 34. Nc4 Bc5 35. Kg2 Rd3 36. Rb2 h5 37. Kh3 Be7 38. Kg2 h4 39. Nd2 hxg3 40. hxg3 Bc5 41. Nf3 Ke7 42. Nd2 Kd7 43. Nf3 Kc6 44. Rd2 Rxb3 45. Ng5 1-0

[Event "Catalunya-chT Gp1"]
[Site "Barcelona"]
[Date "2020.01.25"]
[Round "2.5"]
[White "Fernandez Diaz, Cristian"]
[Black "Escandell, Juan C"]
[Result "1-0"]
[WhiteElo "2354"]
[BlackElo "2176"]
[PlyCount "49"]
[EventDate "2020.01.18"]
[EventType "team-tourn"]
[EventRounds "7"]
[EventCountry "ESP"]
[SourceTitle "CBM 194 Extra"]
[Source "ChessBase"]
[SourceDate "2020.03.31"]
[SourceVersion "1"]
[SourceVersionDate "2020.03.31"]
[SourceQuality "1"]
[WhiteTeam "Mollet"]
[BlackTeam "Cerdanyola Valles"]
[WhiteTeamCountry "ESP"]
[BlackTeamCountry "ESP"]

1. d4 Nf6 2. c4 e6 3. Nc3 Bb4 4. Qc2 0-0 5. e4 d6 6. Bd3 Nc6 7. Nge2 Ba5 8. a3 e5 9. d5 Nd4 10. Nxd4 exd4 11. b4 dxc3 12. bxa5 c6 13. Qxc3 Nxe4 14. Bxe4 Re8 15. f3 f5 16. 0-0 fxe4 17. fxe4 Rxe4 18. Bb2 Qg5 19. Rf2 Bg4 20. Raf1 Re7 21. Rf4 Be2 22. R1f2 Rae8 23. h3 Bd1 24. Kh2 Re3 25. Qxe3 1-0

[Event "Catalunya-chT Gp2"]
[Site "Barcelona"]
[Date "2019.03.02"]
[Round "7.7"]
[White "Escandell, Juan C"]
[Black "Gallart Zafra, Jaume"]
[Result "1/2-1/2"]
[WhiteElo "2188"]
[BlackElo "2167"]
[PlyCount "64"]
[EventDate "2019.01.19"]
[EventType "team-tourn"]
[EventRounds "7"]
[EventCountry "ESP"]
[SourceTitle "CBM 189 Extra"]
[Source "ChessBase"]
[SourceDate "2019.06.03"]
[SourceVersion "1"]
[SourceVersionDate "2019.06.03"]
[SourceQuality "1"]
[WhiteTeam "Cerdanyola Valles"]
[BlackTeam "Tres Peons"]
[WhiteTeamCountry "ESP"]
[BlackTeamCountry "ESP"]

1. e4 c5 2. Nf3 e6 3. d4 cxd4 4. Nxd4 Nf6 5. Nc3 d6 6. Be2 a6 7. 0-0 Qc7 8. f4 Nc6 9. Kh1 Be7 10. Be3 0-0 11. Qe1 Nxd4 12. Bxd4 b5 13. a3 Nd7 14. Qg3 Bf6 15. Bxf6 Nxf6 16. Bd3 Bb7 17. e5 Nd7 18. Rae1 dxe5 19. fxe5 Nc5 20. Qh4 Nxd3 21. cxd3 Qc5 22. Rf4 Rfd8 23. d4 Qf8 24. Re3 Rd7 25. Rh3 h6 26. Qg3 Rad8 27. Rxh6 Rxd4 28. Rh8+ Kxh8 29. Qh4+ Kg8 30. Rxd4 Rxd4 31. Qxd4 Qc8 32. Qd6 Qc6 1/2-1/2

[Event "Catalunya-chT Gp2"]
[Site "Barcelona"]
[Date "2019.02.02"]
[Round "3.7"]
[White "Fernandez Madrid, Carlos"]
[Black "Escandell, Juan C"]
[Result "0-1"]
[WhiteElo "2042"]
[BlackElo "2188"]
[PlyCount "80"]
[EventDate "2019.01.19"]
[EventType "team-tourn"]
[EventRounds "7"]
[EventCountry "ESP"]
[SourceTitle "CBM 188 Extra"]
[Source "ChessBase"]
[SourceDate "2019.02.26"]
[SourceVersion "1"]
[SourceVersionDate "2019.02.26"]
[SourceQuality "1"]
[WhiteTeam "Sant Josep de Badalona"]
[BlackTeam "Cerdanyola Valles"]
[WhiteTeamCountry "ESP"]
[BlackTeamCountry "ESP"]

1. d4 Nf6 2. c4 g6 3. Nc3 d5 4. Nf3 Bg7 5. h4 c6 6. cxd5 cxd5 7. Bg5 Nc6 8. e3 h6 9. Bxf6 Bxf6 10. h5 g5 11. Bd3 Be6 12. a3 Rc8 13. Qb3 Na5 14. Qa4+ Kf8 15. 0-0 a6 16. Ne5 b5 17. Qd1 Bxe5 18. dxe5 d4 19. exd4 Qxd4 20. a4 Nb3 21. Ne2 Qxe5 22. axb5 Nxa1 23. Qxa1 axb5 24. Ng3 Kg7 25. Re1 Qf6 26. Bxb5 Rc2 27. Qa7 Rxb2 28. Ne4 Qe5 29. Bf1 Rb4 30. Qe3 Rhb8 31. Nc5 Qxe3 32. Rxe3 Bc4 33. Bxc4 Rxc4 34. Ne4 Rb1+ 35. Kh2 f5 36. Nd2 Rh4+ 37. Kg3 f4+ 38. Kf3 fxe3 39. Nxb1 exf2 40. Kxf2 Rxh5 0-1

[Event "Cornella Pinol Memorial 6th"]
[Site "Cornella de Llobregat"]
[Date "2018.11.19"]
[Round "9"]
[White "Vallbona Domingo, Joan"]
[Black "Escandell, Juan C"]
[Result "0-1"]
[WhiteElo "2020"]
[BlackElo "2192"]
[PlyCount "78"]
[EventDate "2018.09.24"]
[EventType "swiss"]
[EventRounds "9"]
[EventCountry "ESP"]
[SourceTitle "CBM 187 Extra"]
[Source "ChessBase"]
[SourceDate "2018.11.04"]
[SourceVersion "1"]
[SourceVersionDate "2018.11.04"]
[SourceQuality "1"]

1. Nf3 Nf6 2. c4 d5 3. e3 g6 4. Nc3 Bg7 5. d4 0-0 6. b3 c5 7. Be2 Nc6 8. 0-0 cxd4 9. exd4 Ne4 10. Bb2 Nxc3 11. Bxc3 dxc4 12. bxc4 Qc7 13. Qb3 Rd8 14. Rfd1 Bg4 15. Qb2 Rac8 16. h3 Bf5 17. g4 Be4 18. Ng5 Qf4 19. Nxe4 Qxe4 20. Bd3 Qf4 21. d5 Ne5 22. Be2 Nxc4 23. Bxc4 Bxc3 24. Qxc3 Rxc4 25. Qd2 Qf3 26. Qd3 Rc3 27. Qxf3 Rxf3 28. Rac1 Rd7 29. Kg2 Ra3 30. Rc2 g5 31. Rcd2 Kg7 32. f3 Rd6 33. Kg3 Rda6 34. Rb2 Rxa2 35. Rxb7 Re2 36. h4 h6 37. hxg5 hxg5 38. Rb3 Rh6 39. f4 Reh2 0-1

[Event "Cornella Pinol Memorial 6th"]
[Site "Cornella de Llobregat"]
[Date "2018.11.05"]
[Round "7"]
[White "Madrid Sole, Antonio"]
[Black "Escandell, Juan C"]
[Result "0-1"]
[WhiteElo "1811"]
[BlackElo "2192"]
[PlyCount "72"]
[EventDate "2018.09.24"]
[EventType "swiss"]
[EventRounds "9"]
[EventCountry "ESP"]
[SourceTitle "CBM 187 Extra"]
[Source "ChessBase"]
[SourceDate "2018.11.04"]
[SourceVersion "1"]
[SourceVersionDate "2018.11.04"]
[SourceQuality "1"]

1. d4 Nf6 2. Bf4 g6 3. e3 Bg7 4. Nf3 0-0 5. Be2 d6 6. 0-0 Nc6 7. c3 Qe8 8. h3 e5 9. Bh2 Qe7 10. Na3 Ne4 11. Nc2 Kh8 12. Nce1 f5 13. Nd2 Nxd2 14. Qxd2 e4 15. f3 exf3 16. Bxf3 Bd7 17. Nd3 g5 18. Nf2 Rae8 19. Bh5 Qxe3 20. Rad1 Qxd2 21. Rxd2 Re3 22. Nd1 Re7 23. Nf2 a5 24. Rdd1 Be8 25. Bf3 Bf7 26. b3 Rfe8 27. Nd3 Bg6 28. Nb2 Re3 29. Rc1 Rxc3 30. Bxc6 Bxd4+ 31. Kh1 bxc6 32. Rxc3 Bxc3 33. Nc4 Re2 34. a4 f4 35. Bg1 Be4 36. Bf2 Ra2 0-1

[Event "Catalunya-chT GpB final"]
[Site "Barcelona"]
[Date "2018.04.07"]
[Round "3.4"]
[White "Escandell, Juan C"]
[Black "Busquets Prat, Rafael"]
[Result "1-0"]
[WhiteElo "2221"]
[BlackElo "2248"]
[PlyCount "75"]
[EventDate "2018.03.10"]
[EventType "team-tourn"]
[EventRounds "4"]
[EventCountry "ESP"]
[SourceTitle "CBM 183 Extra"]
[Source "ChessBase"]
[SourceDate "2018.04.19"]
[SourceVersion "1"]
[SourceVersionDate "2018.04.19"]
[SourceQuality "1"]
[WhiteTeam "Cerdanyola Valles"]
[BlackTeam "Olot"]
[WhiteTeamCountry "ESP"]
[BlackTeamCountry "ESP"]

1. e4 c5 2. Nf3 Nc6 3. d4 cxd4 4. Nxd4 Nf6 5. Nc3 e5 6. Ndb5 d6 7. Bg5 a6 8. Na3 b5 9. Nd5 Be7 10. Bxf6 Bxf6 11. c3 0-0 12. Nc2 Rb8 13. a4 bxa4 14. Ncb4 Nxb4 15. cxb4 Bb7 16. Rxa4 Bxd5 17. Qxd5 Qd7 18. Rxa6 Rxb4 19. Bc4 Rc8 20. b3 Rf8 21. 0-0 Qb7 22. Qxd6 Be7 23. Qxe5 Rxc4 24. bxc4 Qxa6 25. Qxe7 Qxc4 26. h4 Qc6 27. Rd1 h5 28. g3 Re8 29. Rd8 Rxd8 30. Qxd8+ Kh7 31. Qd5 Qxd5 32. exd5 Kg6 33. f4 Kf5 34. Kf2 f6 35. Ke3 g5 36. fxg5 fxg5 37. hxg5 Kxg5 38. Ke4 1-0

[Event "Catalunya-chT Gp2"]
[Site "Barcelona"]
[Date "2018.02.17"]
[Round "5.5"]
[White "Escandell, Juan C"]
[Black "Guerrero Sierra, Juan Carlos"]
[Result "0-1"]
[WhiteElo "2221"]
[BlackElo "2343"]
[PlyCount "68"]
[EventDate "2018.01.20"]
[EventType "team-tourn"]
[EventRounds "7"]
[EventCountry "ESP"]
[SourceTitle "EXT 2019"]
[Source "ChessBase"]
[SourceDate "2018.10.10"]
[SourceVersion "1"]
[SourceVersionDate "2018.10.10"]
[SourceQuality "1"]
[WhiteTeam "Cerdanyola Valles"]
[BlackTeam "Sant Josep de Badalona"]
[WhiteTeamCountry "ESP"]
[BlackTeamCountry "ESP"]

1. e4 c5 2. Nf3 e6 3. d4 cxd4 4. Nxd4 a6 5. Nc3 Bb4 6. Bd3 d6 7. 0-0 Nf6 8. Qe2 Nbd7 9. Bd2 Bc5 10. Nb3 Ba7 11. Kh1 b5 12. a4 b4 13. Nd1 a5 14. c3 Nc5 15. Bb5+ Bd7 16. Nxc5 Bxc5 17. f3 Qb6 18. cxb4 axb4 19. Bxd7+ Nxd7 20. Ne3 0-0 21. b3 Rfc8 22. Rac1 Ra7 23. Nc4 Qa6 24. Qd3 Rc6 25. Bf4 Nf6 26. Rfd1 h6 27. Nxd6 Nh5 28. Be5 Qxd3 29. Rxd3 Rd7 30. g4 f6 31. Bg3 Nxg3+ 32. hxg3 Rcxd6 33. Rxd6 Bxd6 34. Rc8+ Kf7 0-1

[Event "Catalunya-chT Gp2"]
[Site "Barcelona"]
[Date "2018.02.10"]
[Round "4.5"]
[White "Mateos Rozas, Miguel Angel"]
[Black "Escandell, Juan C"]
[Result "1/2-1/2"]
[WhiteElo "2148"]
[BlackElo "2221"]
[PlyCount "73"]
[EventDate "2018.01.20"]
[EventType "team-tourn"]
[EventRounds "7"]
[EventCountry "ESP"]
[SourceTitle "CBM 182 Extra"]
[Source "ChessBase"]
[SourceDate "2018.02.23"]
[SourceVersion "1"]
[SourceVersionDate "2018.02.23"]
[SourceQuality "1"]
[WhiteTeam "St Cugat"]
[BlackTeam "Cerdanyola Valles"]
[WhiteTeamCountry "ESP"]
[BlackTeamCountry "ESP"]

1. e4 c5 2. Nf3 e6 3. Qe2 Nc6 4. g3 g6 5. Bg2 Bg7 6. 0-0 Nge7 7. c3 e5 8. d3 d6 9. a3 0-0 10. b4 h6 11. Be3 b6 12. Nfd2 Be6 13. b5 Na5 14. c4 Rc8 15. Nc3 f5 16. f3 f4 17. Bf2 g5 18. g4 h5 19. h3 hxg4 20. fxg4 Ng6 21. Qf3 Bf6 22. Rfb1 Qd7 23. Nf1 Kg7 24. Nh2 Rh8 25. Ra2 Nh4 26. Bxh4 Rxh4 27. Rc2 Rch8 28. Nd1 Bd8 29. Nf2 Kg6 30. Bf1 Bc7 31. Bg2 Nb7 32. Qd1 Nd8 33. Nf3 R4h6 34. a4 Bf7 35. Kf1 Ne6 36. Ra2 Nf8 37. Qe2 1/2-1/2

[Event "Catalunya-chT Gp2"]
[Site "Barcelona"]
[Date "2018.01.20"]
[Round "1.5"]
[White "Escandell, Juan C"]
[Black "Obon Temprano, Sergi"]
[Result "1/2-1/2"]
[WhiteElo "2221"]
[BlackElo "2252"]
[PlyCount "67"]
[EventDate "2018.01.20"]
[EventType "team-tourn"]
[EventRounds "7"]
[EventCountry "ESP"]
[SourceTitle "CBM 182 Extra"]
[Source "ChessBase"]
[SourceDate "2018.02.23"]
[SourceVersion "1"]
[SourceVersionDate "2018.02.23"]
[SourceQuality "1"]
[WhiteTeam "Cerdanyola Valles"]
[BlackTeam "Barbera"]
[WhiteTeamCountry "ESP"]
[BlackTeamCountry "ESP"]

1. e4 e5 2. Nf3 Nc6 3. Bb5 a6 4. Ba4 Nf6 5. d3 d6 6. c3 g6 7. 0-0 Bg7 8. Nbd2 b5 9. Bc2 0-0 10. d4 exd4 11. cxd4 Nb4 12. Bb1 c5 13. Re1 Bb7 14. b3 Re8 15. Bb2 Qb6 16. h3 Rad8 17. a3 Nc6 18. d5 Nb8 19. Nf1 Nfd7 20. Bxg7 Kxg7 21. Qd2 Ne5 22. N3h2 f6 23. Ne3 Re7 24. Bc2 Rde8 25. a4 Nbd7 26. axb5 axb5 27. Ra5 Ra8 28. Rxa8 Bxa8 29. Ra1 Re8 30. Qa5 Rb8 31. f4 Nf7 32. Qxb6 Nxb6 33. Ra5 b4 34. Nc4 1/2-1/2

[Event "Barcelona Barri Gotic op 1st"]
[Site "Barcelona"]
[Date "2012.05.21"]
[Round "5.8"]
[White "Zaiats, Vladimir"]
[Black "Escandell, Juan C"]
[Result "0-1"]
[WhiteElo "1990"]
[BlackElo "2273"]
[PlyCount "98"]
[EventDate "2012.04.23"]
[EventType "swiss"]
[EventRounds "8"]
[EventCountry "ESP"]
[SourceTitle "EXT 2024"]
[Source "ChessBase"]
[SourceDate "2023.10.10"]
[SourceVersion "1"]
[SourceVersionDate "2023.10.10"]
[SourceQuality "1"]

1. e4 e5 2. Nf3 Nc6 3. Bb5 a6 4. Bxc6 dxc6 5. d4 exd4 6. Qxd4 Qxd4 7. Nxd4 Bd7 8. Be3 0-0-0 9. Nc3 Re8 10. 0-0-0 Ne7 11. Rde1 f6 12. h3 Ng6 13. Bd2 Nh4 14. g3 c5 15. Nf5 Nf3 16. Re2 b5 17. Kd1 Kb7 18. Re3 Nxd2 19. Kxd2 g6 20. Nh4 Bc6 21. Rhe1 c4 22. Kc1 Bc5 23. R3e2 b4 24. Nd5 Rhf8 25. c3 a5 26. g4 Bxf2 27. Rxf2 Bxd5 28. Rfe2 Bc6 29. Nf3 Kb6 30. Nd4 Bb7 31. Nf3 Re7 32. Nd2 Kc5 33. e5 f5 34. e6 Bd5 35. Re5 Kd6 36. gxf5 Rxf5 37. R5e3 Rxe6 38. Rxe6+ Bxe6 39. Ne4+ Ke7 40. Nd2 Rh5 41. Nxc4 bxc3 42. bxc3 Rxh3 43. Nxa5 Rxc3+ 44. Kb2 Rg3 45. Nc6+ Kd6 46. Nb4 Rg2+ 47. Ka3 c5 48. Rd1+ Ke7 49. Nc6+ Kf6 0-1

[Event "Barcelona Barri Gotic op 1st"]
[Site "Barcelona"]
[Date "2012.05.07"]
[Round "3.5"]
[White "Walter Travella, German"]
[Black "Escandell, Juan C"]
[Result "0-1"]
[WhiteElo "1937"]
[BlackElo "2273"]
[PlyCount "54"]
[EventDate "2012.04.23"]
[EventType "swiss"]
[EventRounds "8"]
[EventCountry "ESP"]
[SourceTitle "EXT 2024"]
[Source "ChessBase"]
[SourceDate "2023.10.10"]
[SourceVersion "1"]
[SourceVersionDate "2023.10.10"]
[SourceQuality "1"]

1. d4 Nf6 2. Nc3 d5 3. f3 Bf5 4. Bg5 c6 5. Qd2 Nbd7 6. a3 Qc7 7. e3 h6 8. Bxf6 Nxf6 9. Bd3 Bxd3 10. Qxd3 e5 11. Nge2 Bd6 12. Qf5 0-0 13. g4 exd4 14. exd4 Rae8 15. 0-0-0 Re3 16. Rd3 Re6 17. g5 g6 18. Qh3 Nh5 19. gxh6 Rfe8 20. Rd2 Nf4 21. Qf1 Qe7 22. Kd1 Qf6 23. h4 b5 24. Kc1 a5 25. b4 axb4 26. axb4 Bxb4 27. Nxf4 Qxf4 0-1

[Event "Barcelona Barri Gotic op 1st"]
[Site "Barcelona"]
[Date "2012.04.23"]
[Round "1.5"]
[White "Barragan Hernandez, Manel"]
[Black "Escandell, Juan C"]
[Result "0-1"]
[WhiteElo "1838"]
[BlackElo "2273"]
[PlyCount "64"]
[EventDate "2012.04.23"]
[EventType "swiss"]
[EventRounds "8"]
[EventCountry "ESP"]
[SourceTitle "EXT 2024"]
[Source "ChessBase"]
[SourceDate "2023.10.10"]
[SourceVersion "1"]
[SourceVersionDate "2023.10.10"]
[SourceQuality "1"]

1. e4 c5 2. Nf3 e6 3. d4 cxd4 4. Nxd4 Nc6 5. Be3 Nf6 6. f3 d5 7. Bb5 Qc7 8. exd5 Nxd5 9. Bf2 Bd6 10. Nd2 0-0 11. Bxc6 bxc6 12. Ne4 Bxh2 13. g3 f5 14. Rxh2 fxe4 15. fxe4 Nf6 16. Qe2 Qe5 17. Nxc6 Qxb2 18. Bd4 Qb7 19. e5 Nd5 20. Qe4 h6 21. c4 Qxc6 22. cxd5 exd5 23. Rc2 Qe6 24. Qg2 Qg4 25. Bc5 Rf3 26. Rf2 Qe4+ 27. Re2 Qf5 28. 0-0-0 Be6 29. Bd6 Rc8+ 30. Kb2 Qg4 31. Rg1 Qd4+ 32. Kb1 Bf5+ 0-1